Please Intha Puthakathai Vaangaatheenka (Record no. 203329)

MARC details
000 -LEADER
fixed length control field 00452nam a2200193Ia 4500
008 - FIXED-LENGTH DATA ELEMENTS--GENERAL INFORMATION
fixed length control field 240823s9999||||xx |||||||||||||| ||und||
020 ## - INTERNATIONAL STANDARD BOOK NUMBER
International Standard Book Number 978-81-92465-72-2
082 ## - DEWEY DECIMAL CLASSIFICATION NUMBER
-- 158.10835 Q3
100 ## - MAIN ENTRY--PERSONAL NAME
Personal name Gopi Nath
245 #0 - TITLE STATEMENT
Title Please Intha Puthakathai Vaangaatheenka
250 ## - EDITION STATEMENT
Edition statement 19th
260 ## - PUBLICATION, DISTRIBUTION, ETC. (IMPRINT)
Date of publication, distribution, etc 2013
Name of publisher, distributor, etc Sixth
500 ## - GENERAL NOTE
General note YES
650 ## - SUBJECT ADDED ENTRY--TOPICAL TERM
Topical term or geographic name as entry element Tamil Books
942 ## - ADDED ENTRY ELEMENTS (KOHA)
Item type Books
Holdings
Withdrawn status Lost status Damaged status Permanent location Current location Date acquired Source of acquisition Cost, normal purchase price Full call number Barcode Date last seen Koha item type
      CENTRAL LIBRARY, NOORUL ISLAM CENTRE FOR HIGHER EDUCATION CENTRAL LIBRARY, NOORUL ISLAM CENTRE FOR HIGHER EDUCATION 03/12/2014 Sahitya Academy 70.00 158.10835 Q3 54257 08/23/2024 Books
Visitors:
Copyright © 2024 Central Library NICHE.  All rights reserved.